Valtiot, joilla on alueita Balkanilla - Statistics

Yleistilastot
  • Tätä visaa on pelattu 1 914 kertaa
  • Keskiarvotulos 12 / 13
Vastaustilastot
Osuus Valtio % Oikein
80% Kreikka
96%
100% Kosovo
95%
54% Kroatia
95%
65% Serbia
95%
>99% Albania
94%
>99% Bosnia ja Hertsegovina
93%
100% Pohjois-Makedonia
93%
>99% Montenegro
92%
50% Slovenia
91%
>99% Bulgaria
90%
5% Romania
90%
3% Turkki
83%
0,1% Italia
80%
Ehtoja vastaavia visoja ei löytynyt
Tulosjakauma
Jokaisen tuloksen saaneiden osuus
Persentiili vastausten määrän mukaan
Tuloshistoriasi
Et ole pelannut tätä visaa